| 000 | 00706nam a2200169Ia 4500 | ||
|---|---|---|---|
| 008 | 090711s9999 xx 000 0 und d | ||
| 082 | _b76791 | ||
| 100 | _aफळसकर Sांद्रशेखर | ||
| 245 | _aटँक्स फ्री आणि इतर एकांकिका | ||
| 260 |
_bकॉन्टीनेन्टल प्रकाशन _c1995 |
||
| 300 | _a95 | ||
| 600 | _aफळसकर Sांद्रशेखर | ||
| 630 | _aटँक्स फ्री आणि इतर एकांकिका | ||
| 700 | _aफळसकर Sांद्रशेखर | ||
| 730 | _aटँक्स फ्री आणि इतर एकांकिका | ||
| 942 | _cBOOK | ||
| 999 |
_c308502 _d308502 |
||